| 000 | 01069nam a22002777a 4500 | ||
|---|---|---|---|
| 001 | 9007 | ||
| 003 | FISKH | ||
| 005 | 20251113160609.0 | ||
| 008 | 251113b cb ||||| |||| 00| 0 eng d | ||
| 020 | _a9780862881832 | ||
| 040 |
_aFISKH _beng _cFISKH _dFISKH |
||
| 050 | _aPZ7 | ||
| 082 | _a599.775 | ||
| 100 |
_aMiller, Muriel _eAuthor |
||
| 245 |
_aHunting with the fox cubs / _cA story by Muriel Miller ; Illustrated by Barbara Pickett |
||
| 260 |
_aLondon : _bRamboro Books ; _c1985 |
||
| 300 |
_a28 unnumbered pages : _bcolor illustrations ; _c18 cm |
||
| 505 | _aJ | ||
| 520 | _aHunting with the Fox Cubs describes how young foxes learn the skills they need to survive. From watching their parents hunt to practicing their own moves, readers see the cubs grow stronger and more independent. Simple text and vivid pictures help children understand animal life in the wild. | ||
| 521 | 8 |
_a450
_bLexile estimate |
|
| 521 | 8 |
_aJ
_bRaz-Plus |
|
| 650 |
_aHunting _vFox |
||
| 700 |
_aPickett, Barbara _eIllustrator |
||
| 942 |
_2ddc _cBK _n0 |
||
| 999 |
_c9007 _d9007 |
||